High By the Beach - Lana Del Ray (All Lyrics) - Statistics

General Stats
  • This quiz has been taken 7 times
  • The average score is 318 of 369
Answer Stats
Answer % Correct
a
100%
all
100%
All
100%
baby
100%
be
100%
beach
100%
by
100%
bye
100%
do
100%
get
100%
Get
100%
(High)
100%
high
100%
High
100%
I
100%
is
100%
love
100%
me
100%
my
100%
the
100%
The
100%
wanna
100%
want
100%
When
100%
when
100%
you
100%
You
100%
your
100%
anymore
80%
at
80%
being
80%
bullshit
80%
But
80%
but
80%
could
80%
don't
80%
Don't
80%
end
80%
feel
80%
hard
80%
harder
80%
If
80%
I'll
80%
it
80%
know
80%
Lights
80%
look
80%
looking
80%
Loving
80%
money
80%
motherfucker
80%
need
80%
never
80%
of
80%
on
80%
one
80%
revenge
80%
survive
80%
take
80%
that
80%
through
80%
Through
80%
to
80%
To
80%
truth
80%
understand
80%
We
80%
what
80%
you're
80%
accion
60%
another
60%
bad
60%
bought
60%
Boy
60%
camera
60%
can
60%
can't
60%
'cause
60%
here
60%
how
60%
into
60%
It's
60%
just
60%
make
60%
man
60%
Not
60%
Now
60%
own
60%
problems
60%
so
60%
surreal
60%
that's
60%
this
60%
wanted
60%
was
60%
wheel
60%
won't
60%
again
40%
Anyone
40%
Because
40%
brings
40%
got
40%
hand
40%
out
40%
pay
40%
Peace
40%
real
40%
sinking
40%
start
40%
tribute
40%
We're
40%
we're
40%
would
40%
born
20%
fire
20%
sand
20%
vengeance
20%
No matching quizzes found
Score Distribution
Percent of People with Each Score
Percentile by Number Answered
Your Score History
You have not taken this quiz